LEADER 01384nam0-2200421---450- 001 990000293920203316 005 20090907144701.0 010 $a88-244-9981-3 035 $a0029392 035 $aUSA010029392 035 $a(ALEPH)000029392USA01 035 $a0029392 100 $a20001121d2000----km-y0itay0103----ba 101 $aita 102 $aIT 105 $a||||||||001yy 200 1 $aCodice di procedura penale$espiegato articolo per articolo$eaggiornato al D.Lgs. 28 agosto 2000, n. 274 (competenza penale del giudice di pace) 210 $aNapoli$cEdizioni giuridiche Simone$d2000 215 $a1305 p.$d23 cm 225 2 $a<> codici esplicati 410 0$12001$a<> codici esplicati 606 0 $aCodice di procedura penale 676 $a345.45052648 710 02$aITALIA$0423419 801 0$aIT$bsalbc$gISBD 912 $a990000293920203316 951 $aCODEX 810$b27271 G.$cCODEX$d00008345 951 $aXXVI.2.B 250 (CODEX 810)$b27255 G.$cXXVI.2.B 250 (CODEX)$d00008301 959 $aBK 969 $aGIU 979 $aTAMI$b40$c20001121$lUSA01$h1336 979 $aTAMI$b40$c20001121$lUSA01$h1336 979 $aTAMI$b40$c20001122$lUSA01$h1159 979 $c20020403$lUSA01$h1637 979 $aPATRY$b90$c20040406$lUSA01$h1621 979 $aRSIAV4$b90$c20090907$lUSA01$h1447 996 $aCodice di procedura penale$9200118 997 $aUNISA LEADER 02312nam 2200481z- 450 001 9910346751803321 005 20210212 035 $a(CKB)4920000000094196 035 $a(oapen)https://directory.doabooks.org/handle/20.500.12854/61423 035 $a(oapen)doab61423 035 $a(EXLCZ)994920000000094196 100 $a20202102d2018 |y 0 101 0 $aeng 135 $aurmn|---annan 181 $ctxt$2rdacontent 182 $cc$2rdamedia 183 $acr$2rdacarrier 200 00$aTwenty Years After the Iowa Gambling Task: Rationality, Emotion, and Decision-Making 210 $cFrontiers Media SA$d2018 215 $a1 online resource (275 p.) 225 1 $aFrontiers Research Topics 311 08$a2-88945-528-9 330 $aThe world is full of uncertainty. In unpredictable circumstances, can emotions facilitate advantageous decision-making? A neuroscience team, led by Antonio Damasio, explored this question using the Iowa Gambling Task (IGT). To the present day, the findings of numerous IGT-related investigations strongly influence clinical and interdisciplinary research, for example, in neuroeconomics and neuromarketing. This special issue examines IGT-based research progress over the past 20 years through literature reviews, clinical examinations, model construction, theoretical integration, and brain imaging technology. Both supportive and opposing viewpoints are provided to frame correlations between rationality, emotion, decision-making, and IGT. Potential future directions for IGT studies are discussed 517 $aTwenty Years After the Iowa Gambling Task 606 $aNeurosciences$2bicssc 610 $adecision-making 610 $aemotion 610 $aexpected value 610 $again-loss frequency 610 $aIowa Gambling Task 610 $arationality 610 $areward & punishment 610 $asomatic marker hypothesis 610 $aventromedial prefrontal cortex 615 7$aNeurosciences 700 $aJong-Tsun Huang$4auth$01325060 702 $aYao-Chu Chiu$4auth 702 $aChing-Hung Lin$4auth 702 $aJeng-Ren Duann$4auth 906 $aBOOK 912 $a9910346751803321 996 $aTwenty Years After the Iowa Gambling Task: Rationality, Emotion, and Decision-Making$93036529 997 $aUNINA